000 00627nam a2200205Ia 4500
005 20260121110058.0
008 008 260114s9999 xx 000 0 hin d
020 _a9788132350958
037 _aEBOOK
040 _aCRL
_bhin
_cCRL
041 _ahin
_2hin
084 _qCRL
100 _aजगदीश मिश्र / Jagdish Mishra
_9941775
245 0 _aवैद्युत रसायन / Vish Vigyan
260 _bभाषा प्रकाशन / Bhasha Prakashan
_c2020
856 _uhttps://bhashaprakashan.com/product-details/378435
942 _cEBOOK
999 _c1533440
_d1533440